Absolut Bigraphy of a Bottle (Record no. 235277)

MARC details
000 -LEADER
fixed length control field 00346pam a2200145 a 4500
020 ## - INTERNATIONAL STANDARD BOOK NUMBER
Terms of availability
041 ## - LANGUAGE CODE
Language code of original
082 ## - DEWEY DECIMAL CLASSIFICATION NUMBER
Classification number 920
Item number HAM
100 ## - MAIN ENTRY--PERSONAL NAME
Personal name Carl Hamilton.
245 ## - TITLE STATEMENT
Title Absolut Bigraphy of a Bottle
Remainder of title Absolut Bigraphy of a Bottle
Medium Textual Documents
250 ## - EDITION STATEMENT
Edition statement 2000.
260 ## - PUBLICATION, DISTRIBUTION, ETC.
Place of publication, distribution, etc. [s.l]:
Name of publisher, distributor, etc. Texere
300 ## - PHYSICAL DESCRIPTION
Extent 312:
Other physical details paper.
930 ## - EQUIVALENCE OR CROSS-REFERENCE-UNIFORM TITLE HEADING [LOCAL, CANADA]
Uniform title 1487
Holdings
Withdrawn status Lost status Damaged status Not for loan Collection Home library Current library Date acquired Source of acquisition Cost, normal purchase price Total Checkouts Full call number Barcode Date last seen Copy number Price effective from Koha item type
          College of Fine Arts, Pune College of Fine Arts, Pune 15/12/2004 Chandrakant Book Distributors Mumbai 894.00   920 HAM FAP-1487 07/03/2023 1 07/03/2023 Book